000 01050nam#a22003735a#4500
001 709
008 080619s1983####ag#####d#f####001#0#spa#d
245 1 0 _aContabilidad 3 /
_cElsa del Carmen Soria de Fernández Durán.
250 _a2ª ed.
260 _aBuenos Aires :
_bKapelusz,
_c1983.
300 _a228 p. :
_bgráf. ;
_c21 cm.
020 _a9501324680
100 1 _aFernández Durán, Elsa del Carmen Soria de.
080 _a657.32
084 _aD97
653 _aSistema contable
653 _aTécnica del procesamiento de datos
653 _aPasivos corrientes
653 _aPasivos no corrientes
653 _aDuedas
653 _aPasivos con garantías
653 _aDeudas en moneda extranjera
653 _aCréditos
653 _aPagaré
653 _aBienes de cambio
653 _aTítulos de crédito
653 _aInventario físico de mercaderías
653 _aEstados contables
653 _aPatrimonio neto
040 _aAR-ClEAG
_cAR-ClEAG
005 20241107184644.0
003 AR-ClEAG
942 _cBK
999 _c709
_d709
980 _62
_aEvangelina Gallicchio
_82
_gEvangelina Gallicchio